| 000 | 00411nam a2200193Ia 4500 | ||
|---|---|---|---|
| 001 | 11928 | ||
| 003 | GE_BSU | ||
| 008 | 181216s||||||||xx |||||||||||||| ||und|| | ||
| 040 | _cGE_BSU | ||
| 080 | _a821.111-311.6 | ||
| 100 | _aElegant,Robert | ||
| 245 | _aDynasty. | ||
| 260 | _aGreat Britain. | ||
| 260 | _bFontana/Collins. | ||
| 260 | _c1978. | ||
| 300 | _a668p;18cm. | ||
| 653 | _aDynasty. | ||
| 942 | _cBK | ||
| 999 |
_c45105 _d45105 |
||